|
|
|
|
| LEADER |
00000nab a2200000 a 4500 |
| 001 |
vtls010869485 |
| 003 |
SK-MaSNL |
| 005 |
20260305031710.0 |
| 008 |
150918 2015 xo q 000 0 slo |
| 038 |
|
|
|a PPPK
|
| 040 |
|
|
|a PPPKCL
|b slo
|c PPPK
|e AACR2
|
| 041 |
0 |
|
|a slo
|
| 044 |
|
|
|a xo
|c SK
|
| 080 |
|
|
|a 628.971
|2 2001
|
| 080 |
|
|
|a 336.56
|2 2001
|
| 245 |
0 |
0 |
|a Na modernizáciu verejného osvetlenia mesto žiada 238-tis. eur
|
| 500 |
|
|
|a Autor článku nie je uvedený.
|
| 610 |
1 |
7 |
|a Slovensko.
|b Ministerstvo hospodárstva
|2 pppkcl
|9 14439
|
| 650 |
0 |
7 |
|a verejné osvetlenie
|2 pppkcl
|9 71061
|
| 650 |
0 |
7 |
|a dotácie
|2 pppkcl
|9 2132
|
| 651 |
|
7 |
|a Spišská Belá (Slovensko)
|2 pppkcl
|9 16198
|
| 651 |
|
7 |
|a Kežmarok (Slovensko : okres)
|2 pppkcl
|9 51824
|
| 773 |
0 |
|
|t Spišskobeliansky spravodaj
|g Roč. 13, č. 6-8 (2015), s. 9
|
| 852 |
|
|
|a PPPK
|b KIS3GCP
|
| 999 |
|
|
|c 3317103
|d 3319033
|